All Mario Rabbids Kingdom Battle Bosses - Statistics

General Stats
  • This quiz has been taken 95 times
  • The average score is 7 of 12
Answer Stats
Answer % Correct
Rabbid Kong
86%
Phantom
70%
Sandy
70%
Blizzy
66%
Pirabbid Plant
62%
Bwario
58%
Bwaluigi
56%
Calavera
48%
Icicle Golem
46%
Megadragonbowser
46%
Lava Queen
42%
Mecha Jr
42%
No matching quizzes found
Score Distribution
Percent of People with Each Score
Percentile by Number Answered
Your Score History
You have not taken this quiz